000 01695nam a2200409 c 4500
003 BLK
005 20180420231448.0
008 180409b bul|||||r ||||||| ||bul||
010 _aKNG00125900000
040 _aBLK
041 _aBUL
_cBUL
080 _aГеография на България
_b913(497.2)
_x(234.423)(036)
_z913(497.2)(234.423)(036)
100 1 _aАндреев, Александър Харалампиев
_eпърви автор
_9296534
139 _aАндреев, Александър Харалампиев
_bА 66
245 1 0 _aПлана планина
_bТурист. маршрути
_cАлександър Харалампиев Андреев.
250 _a2. прераб. и доп. изд.
257 _aBGR
260 София
_bМедицина и физкултура
_c1982
_fПловдив : Д. Благоев
300 _a66 с.
_bс ил., к.
_c17 см
380 _a91
490 1 _aМалка туристическа библиотека
500 _a1. изд. 1966 със загл. Из плана.
650 4 _aПланини - България
_9261565
650 4 _aТуризъм - България - маршрути
_9296535
651 4 _aПлана
_9179372
651 4 _aСтара планина
_9249743
651 4 _aБългария
_9241624
653 _aПлана
653 _aпланини
653 _aтуристически маршрути
653 _aтуристически дестинации
852 _aЦб І 19689
856 4 _qpdf
_u
856 4 _qpdf
_u
942 _cKNG
_n0
944 _aCR
_c11.10.2011
_l11.10.2011 - от С1,Р / 11.10.2011
_kВиолета_Тройчева
944 _aED
_c11.10.2011
_l11.10.2011 - от С1,Р / 11.10.2011
_k
999 _c120284
_d120284